Results

Below are the most and least guessed answers to the given questions, as well as how your score stacks up against everyone else who took this quiz.
Play Again

The Pokémon (Gen II) Quiz has been played 120,766 times (23 today)
# Pokémon % Correct
152Chikorita
86.9%
155Cyndaquil
86.8%
158Totodile
85.7%
153Bayleef
84.6%
249Lugia
83.5%
250Ho-Oh
83.2%
157Typhlosion
82.8%
154Meganium
80.5%
156Quilava
79.7%
244Entei
78.8%
159Croconaw
78.1%
160Feraligatr
76.8%
245Suicune
76.8%
251Celebi
76.7%
163Hoothoot
74.1%
172Pichu
73.6%
243Raikou
73.3%
208Steelix
72.4%
164Noctowl
71.8%
161Sentret
70.2%
162Furret
68.7%
197Umbreon
67.7%
248Tyranitar
67.4%
196Espeon
67.3%
246Larvitar
66.4%
247Pupitar
66%
179Mareep
65.9%
239Elekid
65.5%
240Magby
65.5%
175Togepi
64.4%
174Igglybuff
63.8%
212Scizor
62.6%
173Cleffa
62.3%
167Spinarak
62.1%
# Pokémon % Correct
181Ampharos
62%
241Miltank
61.6%
168Ariados
60.2%
176Togetic
59.7%
165Ledyba
59.3%
229Houndoom
59.2%
180Flaaffy
58.8%
228Houndour
58.3%
237Hitmontop
58.3%
238Smoochum
57.2%
169Crobat
57%
166Ledian
57%
201Unown
55.8%
199Slowking
53.8%
230Kingdra
53.8%
185Sudowoodo
53.6%
198Murkrow
52.9%
200Misdreavus
52.1%
183Marill
51.8%
236Tyrogue
51.5%
242Blissey
51.4%
178Xatu
50.6%
177Natu
50.5%
204Pineco
50.2%
220Swinub
50.2%
214Heracross
49.8%
192Sunflora
49.8%
221Piloswine
49.6%
227Skarmory
49.5%
187Hoppip
49.5%
184Azumarill
49.5%
182Bellossom
49.4%
216Teddiursa
49.1%
186Politoed
49%
# Pokémon % Correct
217Ursaring
48.8%
191Sunkern
48.7%
194Wooper
48.4%
232Donphan
48.3%
189Jumpluff
48.1%
195Quagsire
47.8%
231Phanpy
47.7%
215Sneasel
47.1%
188Skiploom
47%
223Remoraid
46.8%
205Forretress
46.4%
171Lanturn
46.1%
226Mantine
46%
170Chinchou
45%
233Porygon2
44.7%
225Delibird
44.5%
224Octillery
44.4%
206Dunsparce
43.5%
234Stantler
43.5%
203Girafarig
43.3%
193Yanma
43%
235Smeargle
42.2%
210Granbull
42.1%
209Snubbull
42.1%
207Gligar
41.8%
202Wobbuffet
41.6%
190Aipom
41.3%
218Slugma
41.1%
213Shuckle
39.1%
219Magcargo
38.3%
222Corsola
37.9%
211Qwilfish
37.5%
 
Number % Answered
100 (all)
10.1%
95-99
7.8%
90-94
5.8%
85-89
5.1%
80-84
4.9%
75-79
4.7%
70-74
4.7%
65-69
4.7%
60-64
4.6%
55-59
4.3%
50-54
4.3%
45-49
3.4%
40-44
3.4%
35-39
3.4%
30-34
3.1%
25-29
3.1%
20-24
3%
15-19
3.1%
10-14
3.5%
5-9
4.8%
1-4
8.1%

You might also like these games:
Pokémon (Gen III)Pokémon (Gen IV)Pokémon Attacks (Gen 1)
There are 42 comments for this game.
(Warning: comments may contain spoilers)

Pokémon (Gen II) Quiz

  1. by Matt
  • Created Jun 7, 2008 in Gaming
  • Featured Jun 7, 2008
  • Game Plays 120,766
Embed Game

Remember, Sporcle is now...

Friend Scores and Standings

Loading friend results....